[Event "Excelsior February op"]
[Site "Toronto CAN"]
[Date "2023.02.04"]
[Round "2.9"]
[White "Laughlin, Braden"]
[Black "Zhong, Ryan Yunhui"]
[Result "1-0"]
[WhiteElo "1948"]
[BlackElo "2032"]
[PlyCount "105"]
[EventDate "2023.02.03"]
[EventType "swiss"]
[EventRounds "5"]
[EventCountry "CAN"]

1. e4 e6 2. d4 d5 3. Nc3 Nf6 4. e5 Nfd7 5. f4 c5 6. Nf3 Nc6 7. Be3 a6 8. Bd3 b5
9. Qd2 cxd4 10. Nxd4 Bb7 11. Nxc6 Bxc6 12. Ne2 Nb6 13. Nd4 Bd7 14. b3 Qc7 15.
O-O Bc5 16. Qf2 Rc8 17. Rad1 O-O 18. Qh4 g6 19. Rf3 Qd8 20. Qh6 f5 21. Qh3 Qe7
22. g4 Na8 23. Kh1 Rf7 24. Rg1 Rcf8 25. gxf5 exf5 26. e6 Rg7 27. exd7 Qxd7 28.
Nxf5 Bxe3 29. Nh6+ Kh8 30. Qxd7 Rxd7 31. Rxe3 Rxf4 32. Re8+ Kg7 33. Rxa8 Kxh6
34. Rxa6 b4 35. a4 bxa3 36. Rxa3 Re7 37. Ra4 d4 38. b4 Re6 39. b5 Rf8 40. Rxd4
Kg7 41. Rb1 Rb6 42. c4 Rc8 43. Rd5 Kf6 44. c5 Re6 45. b6 Ke7 46. Bf1 Rb8 47.
Bh3 Rc6 48. Bd7 Rf6 49. c6 Rff8 50. c7 Rb7 51. Bc6 Rxc7 52. bxc7 Rc8 53. Rd7+
1-0

[Event "Excelsior February op"]
[Site "Toronto CAN"]
[Date "2023.02.04"]
[Round "2.10"]
[White "Moses, Neil"]
[Black "Engel, Ethan"]
[Result "1-0"]
[WhiteElo "1983"]
[BlackElo "1725"]
[PlyCount "78"]
[EventDate "2023.02.03"]
[EventType "swiss"]
[EventRounds "5"]
[EventCountry "CAN"]

1. Nf3 Nf6 2. g3 g6 3. Bg2 Bg7 4. c4 O-O 5. Nc3 d6 6. d4 Nbd7 7. O-O c5 8. b3
cxd4 9. Nxd4 Nc5 10. Bb2 Rb8 11. Qc2 a6 12. e4 Ne6 13. Nde2 Bd7 14. Nd5 Nxd5
15. exd5 Bxb2 16. Qxb2 Nc5 17. b4 Na4 18. Qd4 Qb6 19. Qxb6 Nxb6 20. c5 Bb5 21.
cxb6 Bxe2 22. Rfe1 Bb5 23. a4 Bd7 24. Rxe7 Rfd8 25. Rc1 Kf8 26. Re3 Rbc8 27.
Rec3 Ke7 28. Rc7 Ke8 29. Re1+ Kf8 30. Rxb7 Bxa4 31. Bf1 Bb3 32. Bxa6 Bxd5 33.
Rc7 Rb8 34. b7 Be6 35. Rxe6 fxe6 36. Kf1 h5 37. Ke2 d5 38. f4 Ke8 39. Kd3 Rd7
1-0

[Event "Excelsior February op"]
[Site "Toronto CAN"]
[Date "2023.02.04"]
[Round "2.11"]
[White "Sirkovich, Daniel"]
[Black "Qian, Eric"]
[Result "1/2-1/2"]
[WhiteElo "1711"]
[BlackElo "1949"]
[PlyCount "88"]
[EventDate "2023.02.03"]
[EventType "swiss"]
[EventRounds "5"]
[EventCountry "CAN"]

1. e4 c5 2. Nf3 d6 3. d4 cxd4 4. Nxd4 Nf6 5. Nc3 a6 6. h3 e6 7. g4 Be7 8. g5
Nfd7 9. Be3 Nc6 10. h4 Qc7 11. f4 b5 12. f5 Nxd4 13. Qxd4 Ne5 14. Be2 Bb7 15.
Rf1 Qc5 16. O-O-O Qxd4 17. Rxd4 Rd8 18. a3 Rd7 19. Bf4 Bc6 20. Rfd1 Rd8 21.
fxe6 fxe6 22. Bxe5 dxe5 23. Rxd8+ Bxd8 24. Rd6 Bb7 25. Rxe6+ Kd7 26. Rxe5 Bc7
27. Rf5 Re8 28. Rf7+ Kd8 29. Bg4 Re7 30. Rxe7 Kxe7 31. Nd5+ Bxd5 32. exd5 Bg3
33. h5 Bf4+ 34. Kd1 Bxg5 35. Bc8 a5 36. Ba6 b4 37. axb4 axb4 38. Bd3 Kd6 39.
Be4 Bf6 40. b3 g6 41. hxg6 hxg6 42. Bxg6 Kxd5 43. Ke2 Bc3 44. Kd3 Ke5 1/2-1/2

[Event "Excelsior February op"]
[Site "Toronto CAN"]
[Date "2023.02.04"]
[Round "2.12"]
[White "D'Souza, Carina"]
[Black "Zhong, April"]
[Result "1-0"]
[WhiteElo "1915"]
[BlackElo "1666"]
[PlyCount "96"]
[EventDate "2023.02.03"]
[EventType "swiss"]
[EventRounds "5"]
[EventCountry "CAN"]

1. a3 e6 2. d4 d5 3. Bf4 Nf6 4. e3 c5 5. Nf3 Nc6 6. c3 Bd6 7. dxc5 Bxc5 8. b4
Bd6 9. Bxd6 Qxd6 10. c4 O-O 11. cxd5 exd5 12. Be2 Bf5 13. Nc3 Rad8 14. Nb5 Qe7
15. Nbd4 Nxd4 16. Qxd4 b6 17. Ba6 Rfe8 18. O-O Qd6 19. Bd3 Be4 20. Bxe4 Rxe4
21. Qd3 Ng4 22. Rac1 Ne5 23. Nxe5 Qxe5 24. Qa6 Rh4 25. g3 Rh6 26. Rc8 Re8 27.
Rfc1 Rhe6 28. Rxe8+ Rxe8 29. Qxa7 Qb2 30. Rd1 h6 31. Qxb6 Qxa3 32. Rxd5 Qa1+
33. Kg2 Qa8 34. Qd6 Rb8 35. e4 Qa7 36. Qc5 Qb7 37. b5 Rc8 38. Qd4 Re8 39. f3
Re6 40. Rd8+ Kh7 41. Qd7 Qxd7 42. Rxd7 Rb6 43. Rd5 Kg6 44. Kf2 Kf6 45. Ke3 Ke6
46. Kd4 Ke7 47. Kc5 Rf6 48. f4 Rg6 1-0

[Event "Excelsior February op"]
[Site "Toronto CAN"]
[Date "2023.02.04"]
[Round "2.13"]
[White "Deepak, Laksshana"]
[Black "Qian, Ashley"]
[Result "1-0"]
[WhiteElo "1638"]
[BlackElo "1817"]
[PlyCount "131"]
[EventDate "2023.02.03"]
[EventType "swiss"]
[EventRounds "5"]
[EventCountry "CAN"]

1. e4 c5 2. Nf3 d6 3. d4 cxd4 4. Nxd4 Nf6 5. Nc3 a6 6. f3 e5 7. Nb3 Be6 8. Be3
Be7 9. Qd2 Nbd7 10. O-O-O h5 11. Be2 b5 12. Rdg1 Rb8 13. h3 h4 14. g4 hxg3 15.
Rxg3 g6 16. Nd5 Nxd5 17. exd5 Bf5 18. Bd3 Bxd3 19. Qxd3 Rc8 20. Rhg1 Nf6 21.
Kb1 Qc7 22. f4 Qc4 23. fxe5 Qxd3 24. cxd3 dxe5 25. d4 Nxd5 26. dxe5 Bh4 27. Nd2
Bxg3 28. Rxg3 Nxe3 29. Rxe3 Kf8 30. Ne4 Re8 31. Nd6 Re6 32. Nb7 Rh5 33. Nc5 Re7
34. Nd3 Kg8 35. Kc2 Rg5 36. Kb3 Re6 37. Kb4 f6 38. Ka5 fxe5 39. Nc5 Rc6 40. b4
Rg2 41. a3 Kf7 42. Nxa6 Rg5 43. Kxb5 Rf6 44. Nc5 Rf4 45. Kc6 Rc4 46. Kb6 Rf5
47. Ne4 Rf4 48. Nd6+ Ke6 49. Nxc4 Rxc4 50. Kb5 Rc8 51. a4 Kd5 52. a5 Rb8+ 53.
Ka4 Kc4 54. Re4+ Kd5 55. Re1 Kc4 56. Rc1+ Kd3 57. b5 Kd2 58. Ra1 Rd8 59. a6 e4
60. b6 Rd4+ 61. Kb5 Rd5+ 62. Kc6 Rd3 63. a7 e3 64. a8=Q Rc3+ 65. Kb7 Rc1 66.
Qd8+ 1-0

[Event "Excelsior February op"]
[Site "Toronto CAN"]
[Date "2023.02.04"]
[Round "2.14"]
[White "Yang, Lefan"]
[Black "Sreekumar, Gauri"]
[Result "1-0"]
[WhiteElo "1812"]
[BlackElo "1598"]
[PlyCount "57"]
[EventDate "2023.02.03"]
[EventType "swiss"]
[EventRounds "5"]
[EventCountry "CAN"]

1. d4 Nf6 2. c4 g6 3. Nc3 Bg7 4. e4 d6 5. Be2 O-O 6. Be3 Nbd7 7. g4 c5 8. g5
Ne8 9. dxc5 Qa5 10. Bd2 dxc5 11. Nf3 Nd6 12. Qc2 Qb4 13. Na4 Qxa4 14. Qxa4 Nxe4
15. Qc2 Nxd2 16. Qxd2 Nb6 17. O-O Be6 18. Rfd1 Bxc4 19. Bxc4 Nxc4 20. Qc2 Nxb2
21. Rdb1 Rfd8 22. Rxb2 Bxb2 23. Qxb2 b6 24. Re1 e6 25. Qf6 Rd5 26. Ne5 Rf8 27.
Ng4 Rfd8 28. Nh6+ Kf8 29. Qxf7# 1-0

[Event "Excelsior February op"]
[Site "Toronto CAN"]
[Date "2023.02.04"]
[Round "3.2"]
[White "Sambuev, Bator"]
[Black "Jaferian, Koosha"]
[Result "1-0"]
[WhiteElo "2487"]
[BlackElo "2359"]
[PlyCount "73"]
[EventDate "2023.02.03"]
[EventType "swiss"]
[EventRounds "5"]
[EventCountry "CAN"]

1. d4 Nf6 2. c4 e6 3. Nc3 Bb4 4. e3 O-O 5. Bd3 d5 6. Nf3 dxc4 7. Bxc4 c5 8. O-O
cxd4 9. exd4 b6 10. Qe2 h6 11. Rd1 Bb7 12. Bf4 Nc6 13. Rac1 Ne7 14. Ba6 Bxa6
15. Qxa6 Nfd5 16. Bg3 Bd6 17. Nb5 Bxg3 18. hxg3 Nf5 19. a3 Nd6 20. Nc3 Qc8 21.
Qd3 Qb7 22. g4 Rac8 23. g5 Nf4 24. Qf1 Ne4 25. gxh6 gxh6 26. Ne2 Rxc1 27. Nxc1
Qd5 28. Nd3 Nxd3 29. Qxd3 Rc8 30. Ne5 Nd6 31. Qg3+ Kh7 32. Qf4 Rc7 33. Ng4 Qg5
34. Qxd6 Rc2 35. Qg3 Rxb2 36. Qf3 Kg7 37. Ne5 1-0

[Event "Excelsior February op"]
[Site "Toronto CAN"]
[Date "2023.02.04"]
[Round "3.3"]
[White "Chen, Max"]
[Black "Campbell, Ryan"]
[Result "1-0"]
[WhiteElo "2378"]
[BlackElo "2240"]
[PlyCount "60"]
[EventDate "2023.02.03"]
[EventType "swiss"]
[EventRounds "5"]
[EventCountry "CAN"]

1. e4 c6 2. d4 d5 3. exd5 cxd5 4. Nf3 Nf6 5. Ne5 g6 6. Nd2 Bg7 7. Bb5+ Nbd7 8.
c3 O-O 9. Ndf3 Ne4 10. O-O Nxe5 11. Nxe5 Bf5 12. Qb3 Rc8 13. Re1 f6 14. Nf3 e5
15. Nh4 Rf7 16. Nxf5 gxf5 17. Rd1 Kh8 18. dxe5 fxe5 19. Qxd5 Qh4 20. Qxf7 Qxf2+
21. Kh1 Qb6 22. Rf1 Qxb5 23. Be3 f4 24. Bxa7 Qc6 25. Rad1 Ng3+ 26. hxg3 Qh6+
27. Kg1 fxg3 28. Rf5 b6 29. Rh5 Qe3+ 30. Kh1 Qe2 1-0

[Event "Excelsior February op"]
[Site "Toronto CAN"]
[Date "2023.02.04"]
[Round "3.5"]
[White "Ajith, Aayush"]
[Black "Gavriela, Anna"]
[Result "1-0"]
[WhiteElo "2076"]
[BlackElo "1301"]
[PlyCount "53"]
[EventDate "2023.02.03"]
[EventType "swiss"]
[EventRounds "5"]
[EventCountry "CAN"]

1. d4 d5 2. c4 e6 3. Nc3 c6 4. Nf3 Nf6 5. cxd5 exd5 6. Qc2 Bg4 7. Bg5 Nbd7 8.
Ne5 Be7 9. Nxg4 Nxg4 10. Bf4 Qb6 11. e3 Ngf6 12. Bd3 Rc8 13. O-O O-O 14. Bf5
Rcd8 15. Rab1 h6 16. b4 Nh5 17. Be5 Rfe8 18. Bxd7 Rxd7 19. Qf5 Qd8 20. Qxh5 Bd6
21. Bxd6 Rxd6 22. Na4 Qe7 23. Nc5 Rg6 24. Qf5 Rg5 25. Qd7 b6 26. Qxe7 Rxe7 27.
Nd3 1-0

[Event "Excelsior February op"]
[Site "Toronto CAN"]
[Date "2023.02.04"]
[Round "3.6"]
[White "Wiebe, Isaac"]
[Black "Reprintsev, Alexander"]
[Result "1/2-1/2"]
[WhiteElo "2174"]
[BlackElo "2407"]
[PlyCount "50"]
[EventDate "2023.02.03"]
[EventType "swiss"]
[EventRounds "5"]
[EventCountry "CAN"]

1. e4 Nc6 2. d4 d5 3. Nc3 dxe4 4. d5 Ne5 5. Qd4 Ng6 6. Qxe4 Nf6 7. Qa4+ Bd7 8.
Bb5 e5 9. dxe6 fxe6 10. Bxd7+ Qxd7 11. Qxd7+ Nxd7 12. Nf3 Bb4 13. Bd2 Nb6 14.
Ne4 Bxd2+ 15. Nfxd2 O-O-O 16. g3 Rd5 17. O-O-O Rhd8 18. Rhe1 a6 19. Nc3 R5d6
20. Nde4 Rxd1+ 21. Nxd1 Rd5 22. Ndc3 Rf5 23. Ne2 Rd5 24. N2c3 Rf5 25. Ne2 Rd5
1/2-1/2

[Event "Excelsior February op"]
[Site "Toronto CAN"]
[Date "2023.02.04"]
[Round "3.7"]
[White "Joseph Benher, Savio"]
[Black "D'Souza, Carina"]
[Result "1-0"]
[WhiteElo "2138"]
[BlackElo "1915"]
[PlyCount "47"]
[EventDate "2023.02.03"]
[EventType "swiss"]
[EventRounds "5"]
[EventCountry "CAN"]

1. e4 c5 2. Nf3 d6 3. d4 cxd4 4. Nxd4 Nf6 5. Nc3 a6 6. Be3 e6 7. g4 b5 8. g5
Nfd7 9. Qd2 Bb7 10. a3 Nc6 11. O-O-O Be7 12. h4 Nxd4 13. Qxd4 e5 14. Qd2 f5 15.
gxf6 Nxf6 16. Rg1 Nxe4 17. Nxe4 Bxe4 18. Rxg7 Bf6 19. Rg1 Rc8 20. Bd3 Bxd3 21.
Qxd3 Bxh4 22. Qf5 Rc6 23. Rg7 Rf8 24. Qh5+ 1-0

[Event "Excelsior February op"]
[Site "Toronto CAN"]
[Date "2023.02.04"]
[Round "3.8"]
[White "Yang, Lefan"]
[Black "Kim, Noah"]
[Result "1-0"]
[WhiteElo "1812"]
[BlackElo "2090"]
[PlyCount "71"]
[EventDate "2023.02.03"]
[EventType "swiss"]
[EventRounds "5"]
[EventCountry "CAN"]

1. d4 Nf6 2. c4 g6 3. Nc3 Bg7 4. e4 d6 5. Be2 O-O 6. Be3 e5 7. d5 Na6 8. g4 Nc5
9. f3 a5 10. h4 h5 11. g5 Nh7 12. Nh3 f6 13. Qd2 fxg5 14. Nxg5 Nxg5 15. Bxg5
Bf6 16. Rg1 Kh7 17. O-O-O Bd7 18. Bh6 Rg8 19. f4 exf4 20. Bxf4 Qe7 21. Bg5 Raf8
22. Qe3 Qe5 23. Bxf6 Rxf6 24. Rg5 Qf4 25. Qxf4 Rxf4 26. e5 Rxh4 27. e6 Be8 28.
Rf1 Kg7 29. Rfg1 Kh6 30. Rf5 g5 31. Rf6+ Bg6 32. Nb5 Rg7 33. Rf8 g4 34. Nd4 Rh2
35. Kd1 Kg5 36. Nf3+ 1-0

[Event "Excelsior February op"]
[Site "Toronto CAN"]
[Date "2023.02.04"]
[Round "3.9"]
[White "Lu, Tony"]
[Black "Deepak, Laksshana"]
[Result "1-0"]
[WhiteElo "2043"]
[BlackElo "1638"]
[PlyCount "59"]
[EventDate "2023.02.03"]
[EventType "swiss"]
[EventRounds "5"]
[EventCountry "CAN"]

1. e4 c5 2. Nc3 d6 3. d4 cxd4 4. Qxd4 Nc6 5. Qd2 Nf6 6. b3 e6 7. Bb2 Be7 8.
O-O-O a6 9. Bd3 b5 10. Kb1 Bb7 11. f3 Rc8 12. g4 Qa5 13. g5 Nd7 14. f4 Nb4 15.
Nge2 d5 16. exd5 Bxd5 17. Rhf1 Nc5 18. f5 e5 19. Nc1 e4 20. Nxd5 Ncxd3 21. cxd3
Rc2 22. Qxc2 Nxc2 23. Kxc2 exd3+ 24. Rxd3 Bxg5 25. Bxg7 Rg8 26. Nf6+ Bxf6 27.
Bxf6 Rg2+ 28. Kb1 Rd2 29. Re1+ Kf8 30. Bc3 1-0

[Event "Excelsior February op"]
[Site "Toronto CAN"]
[Date "2023.02.04"]
[Round "3.10"]
[White "Singh Dhaliwal, Jaipreet"]
[Black "Moses, Neil"]
[Result "1-0"]
[WhiteElo "1629"]
[BlackElo "1983"]
[PlyCount "59"]
[EventDate "2023.02.03"]
[EventType "swiss"]
[EventRounds "5"]
[EventCountry "CAN"]

1. e4 c5 2. Nf3 Nc6 3. d4 cxd4 4. Nxd4 Nf6 5. Nc3 d6 6. Be3 g6 7. Qd2 Bg7 8. f3
h5 9. O-O-O Bd7 10. Kb1 a6 11. h3 b5 12. Nxc6 Bxc6 13. Ne2 Rb8 14. Nd4 Bd7 15.
Bd3 a5 16. f4 Nh7 17. f5 gxf5 18. exf5 Nf6 19. g4 Nd5 20. g5 Be5 21. Nf3 Nxe3
22. Qxe3 Qb6 23. Qe2 Bc6 24. Be4 Bxe4 25. Qxe4 Qb7 26. Qe2 f6 27. gxf6 exf6 28.
Rxd6 Kf7 29. Nxe5+ fxe5 30. Rhd1 1-0

[Event "Excelsior February op"]
[Site "Toronto CAN"]
[Date "2023.02.04"]
[Round "3.11"]
[White "Qian, Eric"]
[Black "Qian, Ashley"]
[Result "1-0"]
[WhiteElo "1949"]
[BlackElo "1817"]
[PlyCount "67"]
[EventDate "2023.02.03"]
[EventType "swiss"]
[EventRounds "5"]
[EventCountry "CAN"]

1. e4 c5 2. Nf3 d6 3. Bb5+ Bd7 4. Bxd7+ Qxd7 5. c4 Nc6 6. d4 cxd4 7. Nxd4 Nf6
8. Nc3 e6 9. Be3 Be7 10. f3 h6 11. Qd2 O-O 12. Rd1 Rfd8 13. Nc2 b6 14. O-O Qb7
15. Qe2 Rd7 16. Rd2 Rad8 17. Rfd1 Nb8 18. Nd4 d5 19. cxd5 exd5 20. e5 Ne8 21.
e6 Rc7 22. exf7+ Kxf7 23. Bf4 Rcc8 24. Qe6+ Kf8 25. Nf5 Bc5+ 26. Kh1 Rc6 27.
Qe2 Rf6 28. Rxd5 Rxd5 29. Rxd5 Bb4 30. Rd8 Qf7 31. Nxg7 Kxg7 32. Bxb8 Bxc3 33.
Rxe8 Qg6 34. bxc3 1-0

[Event "Excelsior February op"]
[Site "Toronto CAN"]
[Date "2023.02.04"]
[Round "3.12"]
[White "Engel, Ethan"]
[Black "Sirkovich, Daniel"]
[Result "0-1"]
[WhiteElo "1725"]
[BlackElo "1711"]
[PlyCount "74"]
[EventDate "2023.02.03"]
[EventType "swiss"]
[EventRounds "5"]
[EventCountry "CAN"]

1. d4 d5 2. c4 dxc4 3. Nf3 Nf6 4. e3 e6 5. Bxc4 c5 6. O-O a6 7. a4 Nc6 8. dxc5
Bxc5 9. Qxd8+ Kxd8 10. b3 Ke7 11. Bb2 b6 12. Nc3 Bb7 13. Rfd1 Rhd8 14. Ne2 Nb4
15. Nfd4 Ne4 16. Nf4 g6 17. Nd3 Nxd3 18. Bxd3 Rac8 19. Be2 Bb4 20. Bf3 e5 21.
Ne2 f6 22. Ng3 Nc5 23. Bxb7 Nxb7 24. Rxd8 Rxd8 25. Rc1 Nc5 26. Bc3 Bxc3 27.
Rxc3 Rd1+ 28. Nf1 Rb1 29. a5 Nxb3 30. axb6 Nd2 31. g3 Rxf1+ 32. Kg2 Rb1 33. Rc6
Ne4 34. b7 Rxb7 35. f3 Rb2+ 36. Kg1 Ng5 37. Rxa6 Nxf3+ 0-1

[Event "Excelsior February op"]
[Site "Toronto CAN"]
[Date "2023.02.04"]
[Round "3.13"]
[White "Zhong, April"]
[Black "Oancea, Nicolae"]
[Result "0-1"]
[WhiteElo "1666"]
[BlackElo "2069"]
[PlyCount "72"]
[EventDate "2023.02.03"]
[EventType "swiss"]
[EventRounds "5"]
[EventCountry "CAN"]

1. e4 e5 2. Nf3 d5 3. exd5 e4 4. Nd4 Nf6 5. Nc3 Bc5 6. Nb3 Bb6 7. Be2 O-O 8. h3
Nxd5 9. Nxe4 Re8 10. d3 f5 11. Bg5 Qd7 12. Nc3 Nxc3 13. bxc3 Qe6 14. d4 Qg6 15.
Qd2 h6 16. Be3 Be6 17. O-O-O a5 18. Kb1 Nd7 19. g4 f4 20. Bxf4 Bd5 21. Rhg1 Qf7
22. Be3 Nf6 23. Bd3 a4 24. Nc1 Bf3 25. Rdf1 Nd5 26. Rg3 Ba5 27. Bc4 Re6 28.
Bxd5 Bxd5 29. g5 h5 30. f4 h4 31. Rg4 Qe7 32. Nb3 axb3 33. cxb3 Rxe3 34. Rxh4
Bxc3 35. Qd1 Be4+ 36. Kc1 Qa3# 0-1

[Event "Excelsior February op"]
[Site "Toronto CAN"]
[Date "2023.02.04"]
[Round "3.14"]
[White "Sreekumar, Gauri"]
[Black "Zhong, Ryan Yunhui"]
[Result "0-1"]
[WhiteElo "1598"]
[BlackElo "2032"]
[PlyCount "90"]
[EventDate "2023.02.03"]
[EventType "swiss"]
[EventRounds "5"]
[EventCountry "CAN"]

1. d4 d5 2. c4 dxc4 3. Nf3 Nf6 4. Nc3 a6 5. e4 e6 6. e5 Nd5 7. Bxc4 Bb4 8. Qc2
b5 9. Bd3 h6 10. O-O Bb7 11. Bd2 Bxc3 12. bxc3 Nd7 13. Rab1 N7b6 14. Rfc1 Rc8
15. c4 bxc4 16. Bxc4 O-O 17. a4 Nxc4 18. Qxc4 Nb6 19. Qe2 Bxf3 20. Qxf3 Qxd4
21. Bf4 Nd5 22. g3 Qxa4 23. Kh1 Rb8 24. Ra1 Qb5 25. Qg4 Kh7 26. Bd2 c5 27. Qe4+
Kh8 28. Qh4 Qe2 29. Bxh6 Qf3+ 30. Kg1 gxh6 31. Qxh6+ Kg8 32. Qg5+ Kh7 33. Ra3
Qf5 34. Qh4+ Kg7 35. Rc4 Rb4 36. Rf3 Qxf3 37. Qg5+ Kh7 38. Qh4+ Kg6 39. Rxb4
cxb4 40. g4 Nf4 41. Qf6+ Kh7 42. Qh4+ Kg8 43. Qg5+ Ng6 44. h4 b3 45. h5 b2 0-1

[Event "Excelsior February op"]
[Site "Toronto CAN"]
[Date "2023.02.05"]
[Round "4.2"]
[White "Ajith, Aayush"]
[Black "Chen, Max"]
[Result "1-0"]
[WhiteElo "2076"]
[BlackElo "2378"]
[PlyCount "111"]
[EventDate "2023.02.03"]
[EventType "swiss"]
[EventRounds "5"]
[EventCountry "CAN"]

1. d4 Nf6 2. c4 g6 3. Nc3 d5 4. cxd5 Nxd5 5. e4 Nxc3 6. bxc3 Bg7 7. Bc4 O-O 8.
Ne2 c5 9. Be3 Qc7 10. d5 Nd7 11. O-O Ne5 12. Bf4 Bg4 13. f3 Bd7 14. a4 Qa5 15.
Bxe5 Bxe5 16. Qb3 Qb6 17. Qa3 g5 18. g3 Bh3 19. Rf2 Kh8 20. Kh1 f5 21. exf5
Bxf5 22. Qc1 Qf6 23. Qe3 a6 24. Rc1 Bd7 25. Bd3 Rac8 26. Rb1 Rc7 27. a5 Bf5 28.
Rb6 Bd6 29. Bxf5 Qxf5 30. c4 Rf6 31. g4 Qe5 32. Qxe5 Bxe5 33. Rxf6 Bxf6 34. Ng3
Bc3 35. Ra2 h6 36. Nf5 Kh7 37. h4 gxh4 38. Kg2 Kg6 39. f4 Be1 40. Kh3 Rd7 41.
Nxh4+ Kf6 42. g5+ hxg5 43. fxg5+ Kf7 44. Nf3 Bc3 45. Kg4 e6 46. Rf2 Kg7 47.
dxe6 Re7 48. Kf5 Bxa5 49. g6 Bc3 50. Rh2 a5 51. Rh7+ Kf8 52. Rxe7 Kxe7 53. Ne5
Kf8 54. Kf6 Bxe5+ 55. Kxe5 Ke7 56. g7 1-0

[Event "Excelsior February op"]
[Site "Toronto CAN"]
[Date "2023.02.05"]
[Round "4.3"]
[White "Reprintsev, Alexander"]
[Black "Joseph Benher, Savio"]
[Result "1-0"]
[WhiteElo "2407"]
[BlackElo "2138"]
[PlyCount "149"]
[EventDate "2023.02.03"]
[EventType "swiss"]
[EventRounds "5"]
[EventCountry "CAN"]

1. e4 e6 2. d4 d5 3. Nc3 dxe4 4. Nxe4 Nd7 5. Nf3 Ngf6 6. Bg5 Be7 7. Nxf6+ Nxf6
8. Bd3 O-O 9. Qe2 c5 10. dxc5 Qa5+ 11. c3 Qxc5 12. Qe5 Qxe5+ 13. Nxe5 Bd6 14.
Nc4 Bc7 15. a4 Bd7 16. O-O Bc6 17. Rfd1 h6 18. Bxf6 gxf6 19. Ne3 a6 20. Nc2
Rfd8 21. Nd4 Be8 22. Be4 Rab8 23. Bf3 Be5 24. Nb3 Rdc8 25. Rd2 Kg7 26. g3 b6
27. Be2 b5 28. axb5 axb5 29. f4 Bc7 30. Kf1 b4 31. c4 Ra8 32. Rxa8 Rxa8 33. Bf3
Ra2 34. Ke2 Bb6 35. c5 Bb5+ 36. Ke3 Ba7 37. Kd4 Ra6 38. Bb7 Rd6+ 39. Ke3 Rxd2
40. Kxd2 Ba4 41. c6 Bb6 42. Nc1 Kf8 43. Nd3 Ba5 44. Nc5 Bb5 45. Kc2 Ke7 46. Kb3
Kd6 47. Ne4+ Kc7 48. Nxf6 Bxc6 49. Bxc6 Kxc6 50. Ng4 f5 51. Nxh6 Kd5 52. Nf7
Bb6 53. Kxb4 Bd4 54. Kb3 Bf6 55. Kc2 Ke4 56. Ng5+ Kd5 57. b3 e5 58. Kd3 Be7 59.
h4 e4+ 60. Ke2 Bf6 61. h5 Bg7 62. Nf7 Ke6 63. Ne5 Bf8 64. Ng6 Bg7 65. b4 Bd4
66. b5 Kf6 67. Ne5 Kg7 68. Nd7 Kh6 69. b6 Kxh5 70. b7 Ba7 71. b8=Q Bxb8 72.
Nxb8 Kg4 73. Kf2 e3+ 74. Kxe3 Kxg3 75. Nc6 1-0

[Event "Excelsior February op"]
[Site "Toronto CAN"]
[Date "2023.02.05"]
[Round "4.4"]
[White "Jaferian, Koosha"]
[Black "Yang, Lefan"]
[Result "1-0"]
[WhiteElo "2359"]
[BlackElo "1812"]
[PlyCount "41"]
[EventDate "2023.02.03"]
[EventType "swiss"]
[EventRounds "5"]
[EventCountry "CAN"]

1. e4 c5 2. Nc3 Nc6 3. Bb5 Nd4 4. Nf3 Nxb5 5. Nxb5 d6 6. d4 cxd4 7. Qxd4 a6 8.
Nc3 e5 9. Qb4 d5 10. Qb3 dxe4 11. Nxe5 Be6 12. Qxb7 Rc8 13. Qxe4 Bd6 14. Bf4
Qc7 15. Rd1 Ne7 16. Qa4+ Kf8 17. Rxd6 g5 18. Rxe6 gxf4 19. Qxf4 Ng6 20. Nxg6+
hxg6 21. Qxc7 1-0

[Event "Excelsior February op"]
[Site "Toronto CAN"]
[Date "2023.02.05"]
[Round "4.5"]
[White "Laughlin, Braden"]
[Black "Rusonik, Max"]
[Result "0-1"]
[WhiteElo "1948"]
[BlackElo "2312"]
[PlyCount "72"]
[EventDate "2023.02.03"]
[EventType "swiss"]
[EventRounds "5"]
[EventCountry "CAN"]

1. e4 e5 2. Nf3 Nc6 3. Bb5 a6 4. Ba4 Nf6 5. d3 b5 6. Bb3 Bc5 7. O-O d6 8. c3
Bb6 9. a4 Bd7 10. Nbd2 O-O 11. Re1 Na5 12. Bc2 c5 13. Nf1 h6 14. Ng3 Nc6 15. h3
Re8 16. Bd2 d5 17. Qc1 dxe4 18. dxe4 Nh7 19. axb5 axb5 20. Rxa8 Qxa8 21. Nh4
Ne7 22. Be3 Qc6 23. Bd1 c4 24. Bg4 Nf6 25. Bxd7 Nxd7 26. Nhf5 Nxf5 27. Nxf5
Bxe3 28. Qxe3 Nc5 29. f3 Kh7 30. Rd1 Nd3 31. b3 Qg6 32. h4 Ra8 33. bxc4 bxc4
34. Rb1 Ra2 35. g3 Qa6 36. f4 Qa4 0-1

[Event "Excelsior February op"]
[Site "Toronto CAN"]
[Date "2023.02.05"]
[Round "4.6"]
[White "Campbell, Ryan"]
[Black "Lu, Tony"]
[Result "1/2-1/2"]
[WhiteElo "2240"]
[BlackElo "2043"]
[PlyCount "121"]
[EventDate "2023.02.03"]
[EventType "swiss"]
[EventRounds "5"]
[EventCountry "CAN"]

1. e4 e6 2. d4 d5 3. Nc3 Bb4 4. e5 Ne7 5. a3 Bxc3+ 6. bxc3 c5 7. h4 Qc7 8. Bd3
cxd4 9. cxd4 Qc3+ 10. Bd2 Qxd4 11. Nf3 Qb6 12. h5 h6 13. Rh4 Nbc6 14. Rg4 Kf8
15. Rb1 Qc7 16. Qe2 b6 17. Kf1 Bb7 18. Re1 Rd8 19. Nh4 d4 20. f4 Re8 21. Qf2
Nd5 22. Qg3 Rg8 23. Bh7 f5 24. exf6 Nxf6 25. Ng6+ Kf7 26. Bxg8+ Kxg8 27. Rh4
Ne7 28. Nxe7+ Rxe7 29. Qg6 Bd5 30. f5 Qxc2 31. Bb4 Rf7 32. fxe6 Qc4+ 33. Kg1
Bxe6 34. Rd1 Rd7 35. Qd3 Qxd3 36. Rxd3 Bg4 37. Be1 Kf7 38. Bf2 Bxh5 39. Rhxd4
Rc7 40. Kh2 Bg4 41. Bg3 Re7 42. Bd6 Rb7 43. Rc3 Be2 44. Kg3 Rd7 45. Re3 Bg4 46.
Be5 Rxd4 47. Bxd4 Bd7 48. Rf3 Kg6 49. Bxf6 gxf6 50. Rd3 Bb5 51. Rd8 Bc4 52. Rc8
Bd5 53. Rc7 a5 54. Ra7 Bc4 55. Kf4 h5 56. g3 Bd3 57. Ke3 Bf1 58. Ke4 Be2 59.
Kd5 Kf5 60. Kc6 b5 61. Kd5 1/2-1/2

[Event "Excelsior February op"]
[Site "Toronto CAN"]
[Date "2023.02.05"]
[Round "4.8"]
[White "Sirkovich, Daniel"]
[Black "Wiebe, Isaac"]
[Result "0-1"]
[WhiteElo "1711"]
[BlackElo "2174"]
[PlyCount "76"]
[EventDate "2023.02.03"]
[EventType "swiss"]
[EventRounds "5"]
[EventCountry "CAN"]

1. e4 e6 2. d4 d5 3. exd5 exd5 4. Bd3 Nc6 5. c3 Bd6 6. Nf3 Nge7 7. O-O Bg4 8.
Nbd2 Qd7 9. Qc2 f6 10. Re1 O-O-O 11. b4 Bf5 12. Nb3 Bxd3 13. Qxd3 g5 14. b5 Nb8
15. a4 Qf5 16. Qe2 Nd7 17. a5 Ng6 18. Ba3 Nf4 19. Qf1 Bxa3 20. Rxa3 h5 21. Nc5
h4 22. b6 a6 23. Nxa6 h3 24. g3 Ng2 25. Nxc7 Qxf3 26. a6 Nxb6 27. axb7+ Kxc7
28. b8=Q+ Rxb8 29. Ra7+ Kd8 30. Re6 Nd7 31. Qa1 Qxc3 32. Qxc3 Rb1+ 33. Re1
Rxe1+ 34. Qxe1 Nxe1 35. Ra8+ Ke7 36. Rxh8 Nf3+ 37. Kf1 g4 38. Rh5 Ke6 0-1

[Event "Excelsior February op"]
[Site "Toronto CAN"]
[Date "2023.02.05"]
[Round "4.9"]
[White "Kim, Noah"]
[Black "Qian, Eric"]
[Result "1/2-1/2"]
[WhiteElo "2090"]
[BlackElo "1949"]
[PlyCount "79"]
[EventDate "2023.02.03"]
[EventType "swiss"]
[EventRounds "5"]
[EventCountry "CAN"]

1. d4 d5 2. c4 e6 3. Nf3 Nf6 4. Nc3 Be7 5. Bf4 b6 6. Qa4+ Bd7 7. Qb3 Bc6 8. e3
O-O 9. Bd3 Bb7 10. cxd5 Nxd5 11. Nxd5 Bxd5 12. Qc2 Bb4+ 13. Ke2 h6 14. Qxc7 Qe8
15. Rhc1 Nc6 16. Ba6 Rd8 17. Bb7 Nxd4+ 18. exd4 Rd7 19. Bc6 Rxc7 20. Bxe8 Rxc1
21. Rxc1 Rxe8 22. a3 Bf8 23. Rc7 a6 24. h4 Rd8 25. Ke3 Bxf3 26. gxf3 Bd6 27.
Rc6 Bxf4+ 28. Kxf4 Rxd4+ 29. Kg3 a5 30. Rxb6 a4 31. Rb8+ Kh7 32. Rb4 Rd2 33.
Rxa4 Rxb2 34. Ra7 Kg6 35. a4 Ra2 36. a5 Ra3 37. a6 e5 38. Kg2 Ra4 39. Kg3 Ra3
40. Kg2 1/2-1/2